=LDR 00000nam 2200000 4500 =001 INLIS000000000005667 =005 20130612093905 =008 ***********************************Ind** =035 ##$$0010-061300000005667 =041 ##$$a Ind =082 ##$$a 181.4 =090 ##$$a 181.4, Man f =100 ##$$a Manuaba, Ida Bagus Gde =245 ##$$a Filsafat Hindu dalam kesehatan, Ida Bagus Gde Manuaba =260 ##$$a 1994 $b Denpasar =300 ##$$a vi, 167 hlm., 21 cm =650 ##$$a Filsafat - Hindu